| 000 | 01532nam0a2200337 4500 | ||
|---|---|---|---|
| 001 | RU\NLR\bibl\334387 | ||
| 005 | 20260405100459.0 | ||
| 010 |
_a5-94035-048-8 _9100 |
||
| 021 |
_aRU _b2002-36931 _91804 |
||
| 035 | _a(NLR Aleph) 000329326 | ||
| 090 |
_a146881 _c146881 |
||
| 100 | _a20021025d2002 |||y0rusy50 ca | ||
| 101 | 0 | _arus | |
| 102 | _aRU | ||
| 105 | _ay ||||||||| | ||
| 200 | 1 |
_aОрганизация театрализованной деятельности дошкольников _eУчеб.-метод. пособие _fИ. Г. Андреева _gБалашов. фил. Сарат. гос. ун-та им. Н. Г. Чернышевского |
|
| 210 |
_aБалашов _cНиколаев _d2002 |
||
| 215 |
_a46, [1] с. _d20 |
||
| 320 | _aБиблиогр.: с. 44-47 | ||
| 606 | 1 |
_aДошкольники _xХудожественное воспитание _xИспользование театра _jМетодические пособия _2nlr_sh2 _3RU\NLR\AUTH\6601748908 |
|
| 610 | 0 | _aТеатрализованные представления детские | |
| 610 | 0 | _aДошкольные учреждения - Методика работы | |
| 686 | 1 | _aЧ411.355.25 | |
| 700 | 1 |
_4070 _8rus _7ca _aАндреева _bИ. Г. _cканд. пед. наук _gИрина Геннадьевна _3RU\NLR\auth\7736658 _919647 |
|
| 801 | 0 |
_aRU _bRKP _c20021025 _gPSBO |
|
| 801 | 1 |
_aRU _bRKP _c20021025 |
|
| 801 | 2 |
_aRU _bNLR _c20060411 _grcr |
|
| 942 | _cBOOK | ||
| 980 | _aNB | ||